[Event "XIII International Chess Festival"]
[Site "Paracin"]
[Date "2020.07.08"]
[Round "7.9"]
[White "Stanojevic, Ilija"]
[Black "Pastar, Slaven"]
[Result "1/2-1/2"]
[BlackElo "2323"]
[WhiteElo "2220"]
[LiveChessVersion "1.4.8"]

1. c4 {[%clk 1:30:52]} e6 {[%clk 1:30:15]} 2. Nc3 {[%clk 1:31:16]} Nf6
{[%clk 1:30:32]} 3. e4 {[%clk 1:31:28]} c5 {[%clk 1:30:46]} 4. e5
{[%clk 1:31:43]} Ng8 {[%clk 1:31:14]} 5. Nf3 {[%clk 1:32:07]} Nc6
{[%clk 1:31:39]} 6. d4 {[%clk 1:32:32]} cxd4 {[%clk 1:31:58]} 7. Nxd4
{[%clk 1:32:57]} Nxe5 {[%clk 1:31:38]} 8. Ndb5 {[%clk 1:33:19]} a6
{[%clk 1:31:43]} 9. Nd6+ {[%clk 1:33:43]} Bxd6 {[%clk 1:32:04]} 10. Qxd6
{[%clk 1:34:07]} f6 {[%clk 1:31:41]} 11. Be3 {[%clk 1:34:21]} Ne7
{[%clk 1:31:41]} 12. Bb6 {[%clk 1:34:39]} Nf5 {[%clk 1:31:31]} 13. Qc5
{[%clk 1:33:55]} d6 {[%clk 1:29:28]} 14. Qa5 {[%clk 1:33:31]} Qd7
{[%clk 1:29:05]} 15. f4 {[%clk 1:30:46]} Nc6 {[%clk 1:27:52]} 16. Qa3
{[%clk 1:30:25]} Nce7 {[%clk 1:20:05]} 17. O-O-O {[%clk 1:25:46]} h5
{[%clk 1:11:14]} 18. Bc5 {[%clk 1:14:42]} Qc7 {[%clk 0:58:03]} 19. Bxd6
{[%clk 1:15:02]} Nxd6 {[%clk 0:58:24]} 20. Rxd6 {[%clk 1:13:14]} Kf7
{[%clk 0:33:39]} 21. Bd3 {[%clk 1:07:16]} Bd7 {[%clk 0:30:34]} 22. Re1
{[%clk 0:59:33]} Nc8 {[%clk 0:27:56]} 23. Rd4 {[%clk 0:57:17]} Bc6
{[%clk 0:27:10]} 24. c5 {[%clk 0:52:59]} Bxg2 {[%clk 0:20:54]} 25. Bc4
{[%clk 0:47:41]} Bh3 {[%clk 0:19:38]} 26. Nd5 {[%clk 0:25:44]} exd5
{[%clk 0:18:58]} 27. Qxh3 {[%clk 0:25:03]} Ne7 {[%clk 0:09:33]} 28. Qe6+
{[%clk 0:22:46]} Kf8 {[%clk 0:09:37]} 29. Bxd5 {[%clk 0:22:29]} Nxd5
{[%clk 0:09:19]} 30. Qxd5 {[%clk 0:21:27]} Rc8 {[%clk 0:06:46]} 31. Kb1
{[%clk 0:16:09]} Rh6 {[%clk 0:04:17]} 32. b4 {[%clk 0:08:51]} a5 {[%clk 0:03:57]}
33. Qe6 {[%clk 0:06:32]} f5 {[%clk 0:01:42]} 34. Qxf5+ {[%clk 0:06:45]} Rf6
{[%clk 0:02:09]} 35. Qxh5 {[%clk 0:06:01]} Rxf4 {[%clk 0:01:13]} 36. Qh8+
{[%clk 0:04:32]} Kf7 {[%clk 0:01:41]} 37. Qh5+ {[%clk 0:04:00]} Kg8
{[%clk 0:01:06]} 38. Re8+ {[%clk 0:03:14]} Rxe8 {[%clk 0:01:00]} 39. Qxe8+
{[%clk 0:03:42]} Kh7 {[%clk 0:00:44]} 40. Rxf4 {[%clk 0:02:52]} Qxf4
{[%clk 0:01:13]} 41. Qh5+ {[%clk 0:03:16]} Kg8 {[%clk 0:01:33]} 42. Qd5+
{[%clk 0:03:40]} Kh7 {[%clk 0:01:03]} 43. Qxb7 {[%clk 0:03:39]} axb4
{[%clk 0:01:00]} 44. c6 {[%clk 0:03:29]} Qf1+ {[%clk 0:00:41]} 45. Kb2
{[%clk 0:02:54]} Qc4 {[%clk 0:00:51]} 46. c7 {[%clk 0:02:49]} Qc3+
{[%clk 0:01:03]} 47. Kb1 {[%clk 0:03:13]} Qd3+ {[%clk 0:00:39]} 48. Kc1
{[%clk 0:03:28]} Qc3+ {[%clk 0:00:39]} 49. Kd1 {[%clk 0:03:30]} Qd3+
{[%clk 0:00:58]} 50. Ke1 {[%clk 0:03:50]} Qe3+ {[%clk 0:00:41]} 51. Kf1
{[%clk 0:04:13]} Qf4+ {[%clk 0:00:52]} 52. Ke2 {[%clk 0:04:15]} Qxh2+
{[%clk 0:00:51]} 53. Kd3 {[%clk 0:04:08]} Qg3+ {[%clk 0:00:42]} 54. Kc4
{[%clk 0:04:01]} Qc3+ {[%clk 0:00:44]} 55. Kb5 {[%clk 0:03:38]} Qd3+
{[%clk 0:00:45]} 56. Kb6 {[%clk 0:03:24]} Qe3+ {[%clk 0:01:08]} 57. Ka6
{[%clk 0:02:46]} Qa3+ {[%clk 0:01:32]} 58. Kb5 {[%clk 0:02:36]} Qd3+
{[%clk 0:01:52]} 59. Kc5 {[%clk 0:02:21]} Qc3+ {[%clk 0:02:12]} 60. Kd6
{[%clk 0:02:05]} Qf6+ {[%clk 0:02:21]} 61. Kd7 {[%clk 0:01:14]} Qf7+
{[%clk 0:02:28]} 62. Kc6 {[%clk 0:00:50]} Qf3+ {[%clk 0:02:44]} 63. Kb6
{[%clk 0:01:19]} Qe3+ {[%clk 0:02:55]} 64. Kb5 {[%clk 0:00:52]} 1/2-1/2

[Event "XIII International Chess Festival"]
[Site "Paracin"]
[Date "2020.07.08"]
[Round "7.14"]
[White "Kuzmanovic, Slobodan"]
[Black "Radovanovic, Nikola"]
[Result "0-1"]
[BlackElo "2389"]
[WhiteElo "2164"]
[LiveChessVersion "1.4.8"]

1. Nf3 {[%clk 1:30:57]} Nf6 {[%clk 1:30:54]} 2. c4 {[%clk 1:31:19]} g6
{[%clk 1:31:13]} 3. b3 {[%clk 1:31:27]} Bg7 {[%clk 1:31:27]} 4. Bb2
{[%clk 1:31:48]} d6 {[%clk 1:31:17]} 5. g3 {[%clk 1:32:02]} O-O {[%clk 1:31:35]}
6. Bg2 {[%clk 1:32:12]} c5 {[%clk 1:29:15]} 7. Nc3 {[%clk 1:31:44]} Nc6
{[%clk 1:28:50]} 8. d4 {[%clk 1:31:17]} cxd4 {[%clk 1:28:48]} 9. Nxd4
{[%clk 1:31:39]} Bd7 {[%clk 1:29:15]} 10. O-O {[%clk 1:30:21]} Qa5
{[%clk 1:29:18]} 11. e4 {[%clk 1:28:57]} Nxd4 {[%clk 1:21:01]} 12. Qxd4
{[%clk 1:29:03]} Bc6 {[%clk 1:20:23]} 13. Qd3 {[%clk 1:23:14]} Nd7
{[%clk 1:17:29]} 14. Qd2 {[%clk 1:18:53]} a6 {[%clk 1:05:39]} 15. Rad1
{[%clk 1:14:34]} Rfe8 {[%clk 1:01:25]} 16. Rfe1 {[%clk 1:12:55]} b5
{[%clk 0:48:14]} 17. Nd5 {[%clk 1:06:23]} Qxa2 {[%clk 0:28:17]} 18. cxb5
{[%clk 1:05:02]} Bxd5 {[%clk 0:27:03]} 19. Bxg7 {[%clk 1:05:14]} Qxd2
{[%clk 0:24:48]} 20. Rxd2 {[%clk 1:05:37]} Bxb3 {[%clk 0:23:15]} 21. e5
{[%clk 1:02:41]} Kxg7 {[%clk 0:21:54]} 22. Bxa8 {[%clk 0:59:58]} Rxa8
{[%clk 0:21:27]} 23. exd6 {[%clk 1:00:13]} e5 {[%clk 0:08:41]} 24. Rb2
{[%clk 0:59:01]} Bd5 {[%clk 0:06:47]} 25. Ra1 {[%clk 0:57:26]} axb5
{[%clk 0:06:50]} 26. Rxa8 {[%clk 0:57:28]} Bxa8 {[%clk 0:07:16]} 27. Rxb5
{[%clk 0:57:53]} Kf6 {[%clk 0:07:30]} 28. h4 h5 {[%clk 0:07:43]} 29. Ra5
{[%clk 0:55:47]} Bf3 30. Ra3 {[%clk 0:55:59]} Bd5 {[%clk 0:07:38]} 31. Ra6
{[%clk 0:55:39]} Ke6 {[%clk 0:07:53]} 32. Kh2 {[%clk 0:55:48]} Bb7
{[%clk 0:06:51]} 33. Ra7 {[%clk 0:56:05]} Bc6 {[%clk 0:07:09]} 34. Rc7
{[%clk 0:56:15]} Kxd6 {[%clk 0:07:31]} 35. Rc8 {[%clk 0:56:39]} Nf6
{[%clk 0:07:14]} 36. Kg1 {[%clk 0:52:59]} Bf3 37. Rc3 {[%clk 0:52:59]} Bd5
{[%clk 0:03:52]} 38. Ra3 {[%clk 0:53:19]} Ke6 {[%clk 0:04:08]} 39. Ra5 Kf5
{[%clk 0:03:35]} 40. Ra6 {[%clk 0:52:13]} Bf3 {[%clk 0:03:38]} 41. Ra7
{[%clk 0:52:27]} Bd5 {[%clk 0:03:38]} 42. Ra6 {[%clk 0:52:49]} Ne4
{[%clk 0:01:32]} 43. Ra5 {[%clk 0:52:52]} Nc3 {[%clk 0:01:31]} 44. Kf1
{[%clk 0:51:21]} Bc4+ {[%clk 0:01:42]} 45. Ke1 {[%clk 0:50:48]} Nb5
{[%clk 0:01:42]} 46. Kd2 {[%clk 0:50:25]} Ke4 {[%clk 0:01:19]} 47. Ra4
{[%clk 0:50:11]} Nd6 {[%clk 0:01:16]} 48. Ra3 {[%clk 0:50:14]} f5
{[%clk 0:00:57]} 49. Re3+ {[%clk 0:50:14]} Kd4 {[%clk 0:01:14]} 50. Ra3
{[%clk 0:50:33]} f4 {[%clk 0:01:11]} 51. Ke1 {[%clk 0:49:06]} Nf5
{[%clk 0:01:16]} 52. gxf4 {[%clk 0:47:41]} exf4 {[%clk 0:01:40]} 53. f3
{[%clk 0:47:32]} Nxh4 {[%clk 0:01:41]} 54. Kf2 {[%clk 0:48:01]} Bd5
{[%clk 0:01:42]} 55. Ra4+ {[%clk 0:48:10]} Ke5 {[%clk 0:02:06]} 56. Ra7
{[%clk 0:47:26]} Nxf3 {[%clk 0:01:52]} 57. Rh7 {[%clk 0:47:37]} Nd4
{[%clk 0:02:06]} 58. Re7+ {[%clk 0:47:49]} Ne6 {[%clk 0:02:23]} 0-1

[Event "XIII International Chess Festival"]
[Site "Paracin"]
[Date "2020.07.08"]
[Round "7.15"]
[White "Kostadinovic, Uros"]
[Black "Radeva, Viktoria"]
[Result "0-1"]
[BlackElo "2327"]
[WhiteElo "1859"]
[LiveChessVersion "1.4.8"]

1. e4 {[%clk 1:30:28]} c5 {[%clk 1:30:53]} 2. Nc3 {[%clk 1:31:23]} e6
{[%clk 1:31:02]} 3. f4 {[%clk 1:31:28]} d5 {[%clk 1:30:40]} 4. exd5
{[%clk 1:30:25]} exd5 {[%clk 1:31:06]} 5. Bb5+ {[%clk 1:30:40]} Nc6
{[%clk 1:31:19]} 6. Nf3 {[%clk 1:30:16]} Nf6 {[%clk 1:29:40]} 7. Bxc6+
{[%clk 1:25:03]} bxc6 {[%clk 1:30:04]} 8. Ne5 {[%clk 1:24:12]} Qc7
{[%clk 1:24:29]} 9. O-O {[%clk 1:16:54]} Bd6 {[%clk 1:23:31]} 10. d3
{[%clk 1:12:40]} O-O {[%clk 1:21:23]} 11. Qf3 {[%clk 1:03:27]} Be6
{[%clk 1:09:13]} 12. h3 {[%clk 0:56:29]} Bxe5 {[%clk 0:58:31]} 13. fxe5
{[%clk 0:56:49]} Qxe5 {[%clk 0:58:53]} 14. Bf4 {[%clk 0:55:35]} Qd4+
{[%clk 0:56:41]} 15. Be3 {[%clk 0:50:09]} Qb4 {[%clk 0:52:55]} 16. Ne2
{[%clk 0:46:58]} Nd7 {[%clk 0:48:38]} 17. b3 {[%clk 0:42:42]} Qh4
{[%clk 0:41:11]} 18. Bf2 {[%clk 0:31:04]} Qg5 {[%clk 0:39:41]} 19. Be3
{[%clk 0:28:36]} Qe7 {[%clk 0:38:46]} 20. Rae1 {[%clk 0:25:51]} Rfe8
{[%clk 0:32:35]} 21. g4 {[%clk 0:20:39]} Bxg4 {[%clk 0:29:52]} 22. Qxg4
{[%clk 0:19:40]} Qxe3+ {[%clk 0:28:54]} 23. Kh1 {[%clk 0:19:54]} Ne5
{[%clk 0:27:37]} 24. Qf5 {[%clk 0:18:56]} g6 {[%clk 0:25:21]} 25. Qf6
{[%clk 0:19:10]} Qxh3+ {[%clk 0:25:31]} 26. Kg1 {[%clk 0:19:34]} Re6
{[%clk 0:24:53]} 27. Qf2 {[%clk 0:19:10]} Qg4+ {[%clk 0:23:11]} 28. Kh1
{[%clk 0:19:25]} g5 {[%clk 0:22:21]} 29. Ng3 {[%clk 0:18:13]} Nf3
{[%clk 0:15:08]} 0-1

[Event "XIII International Chess Festival"]
[Site "Paracin"]
[Date "2020.07.08"]
[Round "7.16"]
[White "Pasti, Aron"]
[Black "Nikolic, Zoran S"]
[Result "1-0"]
[BlackElo "2167"]
[WhiteElo "2325"]
[LiveChessVersion "1.4.8"]

1. e4 {[%clk 1:30:58]} e5 {[%clk 1:30:51]} 2. Nf3 {[%clk 1:31:15]} Nc6
{[%clk 1:31:14]} 3. Bb5 {[%clk 1:31:41]} a6 {[%clk 1:31:38]} 4. Ba4
{[%clk 1:32:07]} Nf6 {[%clk 1:31:58]} 5. O-O {[%clk 1:32:29]} Be7
{[%clk 1:32:15]} 6. Re1 {[%clk 1:32:52]} b5 {[%clk 1:32:40]} 7. Bb3
{[%clk 1:33:16]} d6 {[%clk 1:33:06]} 8. c3 {[%clk 1:33:41]} O-O {[%clk 1:33:32]}
9. h3 {[%clk 1:34:06]} Na5 {[%clk 1:32:15]} 10. Bc2 {[%clk 1:34:31]} c5
{[%clk 1:32:38]} 11. d4 {[%clk 1:34:58]} Nc6 {[%clk 1:33:04]} 12. Nbd2
{[%clk 1:32:20]} Qc7 {[%clk 1:31:52]} 13. d5 {[%clk 1:27:15]} Nd8
{[%clk 1:29:13]} 14. Nf1 {[%clk 1:26:36]} Ne8 {[%clk 1:29:32]} 15. Ng3
{[%clk 1:25:20]} g6 {[%clk 1:29:55]} 16. Nh2 {[%clk 1:24:20]} f6 {[%clk 1:29:47]}
17. f4 {[%clk 1:24:06]} exf4 {[%clk 1:29:32]} 18. Bxf4 {[%clk 1:24:28]} Nf7
{[%clk 1:29:59]} 19. a4 {[%clk 1:18:52]} Rb8 {[%clk 1:23:04]} 20. axb5
{[%clk 1:17:59]} axb5 {[%clk 1:23:29]} 21. Qe2 {[%clk 1:07:38]} Ne5
{[%clk 1:23:31]} 22. h4 {[%clk 1:03:41]} Ng7 {[%clk 1:01:07]} 23. h5
{[%clk 1:01:59]} Rd8 {[%clk 0:48:37]} 24. Rf1 {[%clk 0:57:24]} Qd7
{[%clk 0:41:00]} 25. Bxe5 {[%clk 0:49:43]} fxe5 {[%clk 0:36:16]} 26. Qe3
{[%clk 0:49:36]} Bh4 {[%clk 0:35:55]} 27. Bd1 {[%clk 0:48:59]} Qe7
{[%clk 0:35:53]} 28. Bg4 {[%clk 0:25:41]} Bg5 {[%clk 0:33:06]} 29. Qf3
{[%clk 0:21:14]} Bf4 {[%clk 0:27:01]} 30. Bxc8 {[%clk 0:16:20]} Rbxc8
{[%clk 0:26:36]} 31. hxg6 {[%clk 0:13:12]} Qh4 {[%clk 0:25:42]} 32. Ra7
{[%clk 0:12:11]} Rf8 {[%clk 0:17:15]} 33. Qg4 {[%clk 0:05:22]} Qxg3
{[%clk 0:16:12]} 34. gxh7+ {[%clk 0:04:44]} Kh8 {[%clk 0:16:32]} 35. Rxf4
{[%clk 0:05:02]} exf4 {[%clk 0:16:12]} 36. Rxg7 {[%clk 0:05:28]} Qxg4
{[%clk 0:16:12]} 37. Rxg4 {[%clk 0:05:54]} Rce8 {[%clk 0:13:49]} 38. Rg6
{[%clk 0:03:16]} Rd8 {[%clk 0:09:19]} 39. Rh6 {[%clk 0:01:40]} Kg7
{[%clk 0:09:34]} 40. Rh4 {[%clk 0:02:00]} Kh8 {[%clk 0:07:49]} 41. Nf3
{[%clk 0:01:39]} Rde8 {[%clk 0:07:40]} 42. Ng5 {[%clk 0:01:42]} Rf6
{[%clk 0:05:51]} 43. Kf2 {[%clk 0:00:53]} Re5 {[%clk 0:06:11]} 44. Rh5
{[%clk 0:01:15]} Re7 {[%clk 0:05:59]} 45. Kf3 {[%clk 0:00:53]} b4
{[%clk 0:06:27]} 46. cxb4 {[%clk 0:00:55]} cxb4 {[%clk 0:06:52]} 47. Rh4
{[%clk 0:00:55]} Ra7 {[%clk 0:05:25]} 48. Rxf4 {[%clk 0:00:57]} Rxf4+
{[%clk 0:05:50]} 49. Kxf4 {[%clk 0:01:21]} Ra2 {[%clk 0:06:15]} 50. Kf5
{[%clk 0:00:41]} Rxb2 {[%clk 0:06:30]} 51. e5 {[%clk 0:01:01]} dxe5
{[%clk 0:06:44]} 52. Kg6 {[%clk 0:01:22]} 1-0

[Event "International OPEN "]
[Site "Paracin, Pool "]
[Date "2020.07.08"]
[Round "7.17"]
[White "Srdanovic, Jovana"]
[Black "Ivic, Matija"]
[Result "1/2-1/2"]
[WhiteElo "2070"]
[BlackElo "2225"]
[PlyCount "77"]
[EventDate "2020.07.03"]

1. d4 d5 2. Bf4 Nf6 3. e3 e6 4. c4 c5 5. Nc3 cxd4 6. exd4 dxc4 7. Bxc4 a6 8.
Bb3 Bd6 9. Nge2 O-O 10. O-O b5 11. d5 Bxf4 12. Nxf4 Qd6 13. Nh5 Nxh5 14. Qxh5
exd5 15. Bxd5 Ra7 16. Be4 g6 17. Qh6 Be6 18. Rad1 Qb4 19. f4 f5 20. Bf3 Qxb2
21. Rfe1 Qxc3 22. Rxe6 Qc5+ 23. Kh1 Re7 24. Bd5 Rxe6 25. Bxe6+ Kh8 26. Bf7 Qe7
27. Bxg6 Qg7 28. Qxg7+ Kxg7 29. Bh5 Rc8 30. Bf3 Rc7 31. h3 Nd7 32. Rd6 Nc5 33.
g4 fxg4 34. hxg4 a5 35. f5 b4 36. g5 Kg8 37. f6 Rc8 38. Bg4 Rb8 39. Rd5 1/2-1/2

[Event "International OPEN "]
[Site "Paracin, Pool "]
[Date "2020.07.08"]
[Round "7.18"]
[White "Radisavljevic, Dalibor"]
[Black "Albers, Sasa"]
[Result "1-0"]
[WhiteElo "2214"]
[BlackElo "2120"]
[Annotator "milan"]
[PlyCount "112"]
[EventDate "2020.07.03"]

1. e4 c6 2. d4 d5 3. exd5 cxd5 4. c4 Nf6 5. Nc3 Nc6 6. Nf3 Bg4 7. cxd5 Nxd5 8.
Qb3 Bxf3 9. gxf3 e6 10. Qxb7 Nxd4 11. Bb5+ Nxb5 12. Qc6+ Ke7 13. Qxb5 Qd7 14.
Nxd5+ Qxd5 15. Qxd5 exd5 16. Be3 Ke6 17. O-O-O Bb4 18. Rhg1 g6 19. Rg4 Rac8+
20. Kb1 Bc5 21. Ra4 Bxe3 22. fxe3 Rc7 23. Ra6+ Ke5 24. Rd4 g5 25. Rda4 Rhc8 26.
a3 Rc1+ 27. Ka2 Rf1 28. Rxa7 Rxf3 29. Re7+ Kd6 30. Raa7 h5 31. Rxf7 Rxe3 32.
Rf5 Re2 33. Ra6+ Ke7 34. Rb6 Rxh2 35. Rxg5 Rd8 36. Rg7+ Kf8 37. Rh7 Kg8 38.
Rbh6 Rb8 39. Rh8+ Kg7 40. R6h7+ Kg6 41. Rxb8 Kxh7 42. a4 Rg2 43. Rb3 Rg6 44.
Ra3 Kh6 45. b4 Rg4 46. Kb3 h4 47. Ra1 Rg3+ 48. Kb2 Rg4 49. Kc3 Rg3+ 50. Kd4
Rg4+ 51. Kc5 Kg5 52. a5 Kf4 53. a6 h3 54. b5 Kg3 55. a7 Rg8 56. b6 Kg2 {(...)}
1-0

[Event "International OPEN "]
[Site "Paracin, Pool "]
[Date "2020.07.08"]
[Round "7.19"]
[White "Terziev, Dimo"]
[Black "Djokic, Slavoljub"]
[Result "1-0"]
[WhiteElo "2167"]
[BlackElo "2077"]
[PlyCount "105"]
[EventDate "2020.07.03"]

1. e4 d5 2. exd5 Qxd5 3. Nc3 Qa5 4. Bc4 c6 5. d3 Nf6 6. Qe2 Bf5 7. Bd2 Qc7 8.
h3 e6 9. g4 Bg6 10. f4 Be7 11. Nf3 O-O 12. O-O-O b5 13. Bb3 a5 14. Rde1 a4 15.
Bxe6 fxe6 16. Qxe6+ Bf7 17. Qxe7 Qxe7 18. Rxe7 b4 19. Ne4 b3 20. cxb3 axb3 21.
a3 Bd5 22. Nxf6+ gxf6 23. Rf1 Rf7 24. Rxf7 Kxf7 25. g5 Nd7 26. Bc3 fxg5 27.
fxg5 Kg6 28. h4 Kh5 29. Ne5 Nxe5 30. Bxe5 Kxh4 31. Bf6 Kg4 32. Re1 Bf7 33. Kd2
Kf5 34. Rf1+ Kg6 35. Bd4 Bd5 36. Rf6+ Kg7 37. Bc5 Ra4 38. Bf8+ Kg8 39. Bh6 Ra8
40. Kc3 c5 41. Rf5 Rd8 42. a4 Bf7 43. Rxc5 Bg6 44. d4 Kf7 45. a5 Bc2 46. a6 Ke6
47. Bg7 Ra8 48. Ra5 Kd6 49. d5 Bf5 50. a7 Bc8 51. Kd4 Kc7 52. Ke5 Kb6 53. Ra3
1-0

[Event "International OPEN "]
[Site "Paracin, Pool "]
[Date "2020.07.08"]
[Round "7.20"]
[White "Popovic, Mladen D"]
[Black "Radosavljevic, Slobodan D"]
[Result "0-1"]
[WhiteElo "1906"]
[BlackElo "2159"]
[Annotator "milan"]
[PlyCount "53"]
[EventDate "2020.07.03"]

1. e4 c5 2. Nf3 g6 3. d4 cxd4 4. Nxd4 Bg7 5. Nc3 Nc6 6. Be3 Nf6 7. Bc4 O-O 8.
Bb3 a5 9. a4 Ng4 10. Qxg4 Nxd4 11. Qh4 e6 12. Qxd8 Rxd8 13. O-O-O Nxb3+ 14.
cxb3 Ra6 15. g4 Rc6 16. Bd4 d5 17. Bxg7 Kxg7 18. Rd4 e5 19. Rxd5 Rxd5 20. exd5
Rf6 21. Rd1 Bxg4 22. Rd2 Rd6 23. Nb5 Rd8 24. d6 Bf3 25. Nc7 Bc6 26. Nb5 Rd7 27.
Nc3 {(...)} 0-1